00919nab a22002057a 4500999001500000003000400015005001700019008004100036040000700077100004200084245014900126260007300275300001300348500004400361505009000405650002800495650003200523773014500555942001300700 c5444d5444OSt20251020130316.0190604e xxu||||| |||| 00| 0 spa d cPJ 96452aMastronardi, María del Carmen10aBreve comentario al decreto 972/2024 de propiedad intelectual :brégimen jurídico de las obras inéditas /cMaría del Carmen Mastronardi. aCiudad Autónoma de Buenos Aires :bThomson Reuters La Ley, c2025. ap. 31-33 aCita Online: TR LALEY AR/DOC/488/2025.  t¿Te interesa el texto completo? Solicitalo al correo: koha@justierradelfuego.gov.ar  093459aDERECHOS DE AUTOR 093458aPROPIEDAD INTELECTUAL0 0271493171dCiudad Autónoma de Buenos Aires : Thomson Reuters La Ley, 2014-tRevista anales de legislación argentina. Nº 4 - Mayo 2025. 2udccANA